Country by Monarch (Images) Quiz Stats

Quiz not verified by Sporcle

Challenge
Share
Tweet
Score 0/30 Timer 10:00
0 Plays Today
% Correct
Pope Francis
95.9%
Queen Elizabeth II of the United Kingdom and the other Commonwealth realms
89.9%
Emperor Akihito of Japan
79.7%
Queen Margrethe II of Denmark
73.4%
King Maha Vajiralongkorn Rama X of Thailand
69.8%
King Salman bin Abdulaziz al Saud of Saudi Arabia
67.4%
King Jigme Khesar Namgyel Wangchuck of Bhutan
65.3%
King Carl XVI Gustaf of Sweden
62.5%
Prince Albert II of Monaco
61.3%
King Willem-Alexander of the Netherlands
59.9%
King Hamad bin Isa Al Khalifa of Bahrain
57%
Sheikh Sabah IV bin Ahmad Al-Sabah, Emir of Kuwait
56.3%
King Mswati III of Swaziland
55.8%
Sheikh Khalifa bin Zayed bin Sultan Al Nahyan of the United Arab Emirates
52.7%
King Felipe VI of Spain
50.5%
% Correct
King Philippe (Filip) of the Belgians
49.5%
Grand Duke Henri of Luxembourg
49.2%
King Norodom Sihamoni of Cambodia
48.4%
King Mohammed VI of Morocco
46.8%
King Harald V of Norway
44.1%
King Letsie III of Lesotho
41.9%
Prince Hans-Adam III of Liechtenstein
40.9%
Sheikh Tamim bin Hamad Al Thani, Emir of Qatar
39.8%
His Excellency François Hollande, Co-Prince of Andorra (ex officio)
39.7%
King Abdullah II of Jordan
36.7%
Sultan Hassanal Bolkiah of Brunei
35.6%
Yang di-Pertuan Agong Abdul Halim of Malaysia
31.4%
Sultan Qaboos bin Said Al Said of Oman
31.2%
The Most Reverend Joan Enric Vives i Sicília, Co-Prince of Andorra (ex officio)
26.9%
King Tupou VI of Tonga
22.6%

You're not logged in!

Compare scores with friends on all Sporcle quizzes.
Sign Up with Email
OR
Log In

You Might Also Like...

Show Comments

Extras

Top Quizzes Today


Score Distribution

Your Account Isn't Verified!

In order to create a playlist on Sporcle, you need to verify the email address you used during registration. Go to your Sporcle Settings to finish the process.